Statistiken für Grösste Schweizer Städte nach Buchstabe - L

Klicken Sie hier um das Quiz zu spielen!

Allgemein

  • Dieses Quiz wurde 38 mal gespielt
  • Das Durchschnittsergebnis liegt bei 7 aus 12

Antwortstatistiken

KantonEinwohnerStadt% Korrekt
LU83’840Luzern
97%
VD141’418Lausanne
94%
TI62’464Lugano
94%
TI16’241Locarno
78%
BL15’420Liestal
66%
NE36’527La Chaux-de-Fonds
56%
BE15’838Langenthal
53%
AG11’054Lenzburg
50%
BE16’190Lyss
47%
GE34’656Lancy
44%
VD12’382La Tour-de-Peilz
19%
GE12’607Le Grand-Saconnex
16%

Verteilung der Resultate

Perzentil nach korrekt beantworteten Fragen

Anzahl Personen mit jedem Resultat

Ihre Resultats-Entwicklung

Sie haben dieses Quiz noch nicht gespielt